| 000 | 00932cam a2200313 4500 | ||
|---|---|---|---|
| 008 | 090401t1993 xxu||||| |||| 00| 0 eng d | ||
| 020 | _a0728201976 | ||
| 035 | _a(Sirsi) u30805 | ||
| 041 | _aeng | ||
| 050 | _a347.4109 | ||
| 100 | _aBeaumont, Ben | ||
| 245 | _aArbitration and rent review | ||
| 250 | _a2nd ed. | ||
| 260 |
_aLondon _bEstates Gazette _c1993 |
||
| 300 | _axii,100p. ; 22cm. | ||
| 350 | _a11.5 | ||
| 490 | _aEstates Gazette Professional Guides | ||
| 520 | _aSuperseded by third edition (ISBN 0728204258). | ||
| 650 | _aCOUNTER NOTICE | ||
| 650 | _aEXTENSION OF TIME | ||
| 650 | _aRENT REVIEWS | ||
| 650 | _aTIME OF THE ESSENCE | ||
| 650 | _aTRIGGER NOTICE | ||
| 650 | _aWITHOUT PREJUDICE | ||
| 690 | _aMANAGEMENT-DISPUTE AVOIDANCE, MANAGEMENT AND RESOLUTION-DISPUTE MANAGEMENT AND RESOLUTION-ARBITRATION | ||
| 690 | _aLANDLORD AND TENANT-RENT REVIEWS | ||
| 942 | _n0 | ||
| 948 | _c04/03/1997 | ||
| 999 |
_c89511 _d89511 |
||